000 00729nam a22002417a 4500
005 20170124105926.0
010 _a916811
020 _c70.00
035 h _a916811
037 _bCen Lib/Ret
040 _aDPL
_bEN
082 _a331.11
_bBAT
100 _aBatra, V. P.
_971986
245 _aThe economy and human resources /
_cby V. P. Batra
246 _b
260 _bB.R. Publishing Corporation
_c1978
_aNew Delhi
270 _bNew Delhi
_a461, Vivekanand Nagar
_e110005
300 _axv, 216p. :
_c21cm(Hb)
_bill.
500 _a Includes bibliographical references and index
650 _aManpower
_zIndia
_971987
650 _aEconomic policy
_zIndia
_971988
942 _2ddc
_cEN
_h331.11
_mBAT
999 _c123498
_d123498